000 00468nam a2200181Ia 4500
001 9144
005 20260306160702.0
008 260306t2014||||xx |||||||||||||| ||spa||
041 _aESP
082 _a372.86
_bZ913
100 _aZagalaz Sánchez, M. Luisa
_eAUT
245 0 _aFundamentos de la programación de educación física en primaria
260 _c2014
300 _a363 páginas :
_c23 cm.
650 _aGEN
654 _aCED
942 _cLIB
_dJUS
_fJUS
_2ddc
_n
999 _c9144
_d9144